| 000 | 01835cam a22003974a 4500 | ||
|---|---|---|---|
| 001 | 14905589 | ||
| 003 | OSt | ||
| 005 | 20140310182751.0 | ||
| 008 | 070627s2007 miu b 000 0 eng | ||
| 010 | _a 2007026264 | ||
| 020 | _a9780802830685 (pbk. : alk. paper) | ||
| 040 |
_aDLC _cDLC _dDLC |
||
| 050 | 0 | 0 |
_aBR 115 _b.M596 2007 |
| 082 | 0 | 0 |
_aM 261.0973 _bM596 2007 |
| 100 | 1 | _aMetzger, Paul Louis. | |
| 245 | 1 | 0 |
_aConsuming Jesus _bbeyond race and class divisions in a consumer church _cMetzger, Paul Louis |
| 260 |
_aGrand Rapids, Mich. _bWilliam B. Eerdmans Pub. _cc2007 |
||
| 300 |
_a191 p. _c23 cm. |
||
| 504 | _aIncludes bibliographical references. | ||
| 505 | 0 | _aA faulty order : retreating battle camps and homogeneous units -- Disordered vision : battling the consumer balrog -- Reordering the cosmic powers : turning tables at the stone table -- Reordering the Christian's life : the supernatural shakeup -- Reordering the church : recovering the lost ark -- Reordering the church's outreach : overcoming market -- Forces and building beloved community. | |
| 521 | _aCollege | ||
| 526 | _c1210L-1700L | ||
| 541 | _j1 | ||
| 562 | _e1 | ||
| 650 | 0 |
_aFood _xReligious aspects _xChristianity. |
|
| 650 | 0 |
_aDinners and dining _xReligious aspects _xChristianity. |
|
| 650 | 0 | _aChurch. | |
| 650 | 0 |
_aConsumption (Economics) _xReligious aspects _xChristianity. |
|
| 650 | 0 |
_aMaterialism _xReligious aspects _xChristianity. |
|
| 650 | 0 |
_aRace relations _xReligious aspects _xChristianity. |
|
| 650 | 0 | _aSocial classes. | |
| 856 | 4 | 1 |
_3Table of contents only _uhttp://www.loc.gov/catdir/toc/ecip0721/2007026264.html |
| 906 |
_a7 _bcbc _corignew _d1 _eecip _f20 _gy-gencatlg |
||
| 942 |
_2lcc _cBK _kM |
||
| 999 |
_c15743 _d15743 |
||